00417nam a2200181Ia 4500008004100000020001800041245002100059245001700080260001500097260001600112260000900128300001600137300002500153300001000178440002000188500000800208999001900216170705s9999 xx 000 0 und d a9780545255066 aHeroes of 9/11 / cAllan Zullo. aNew York : bScholastic, c2011 a181 pages : bcolor illustration ; c19cm. aTen true tales. a980 c336878d336878